Normal view
MARC view
- Automobiles
Entry Topical Term
001 - CONTROL NUMBER
- control field: 88372
003 - CONTROL NUMBER IDENTIFIER
- control field: NUST
005 - DATE AND TIME OF LATEST TRANSACTION
- control field: 20220113175047.0
008 - FIXED-LENGTH DATA ELEMENTS
- fixed length control field: 220113|| aca||aabn | a|a d
040 ## - CATALOGING SOURCE
- Original cataloging agency: NUST
- Transcribing agency: NUST
150 ## - HEADING--TOPICAL TERM
- Topical term or geographic name entry element: Automobiles
- General subdivision: Maintenance and repair
- Form subdivision: Amateurs' manuals
670 ## - SOURCE DATA FOUND
- Source citation: Work cat.: (NUST)0: Sclar, Deanna, author. 88371, Auto repair for dummies /
